The wit of Martin Luther /

Bibliographic Details
Main Author: Gritsch, Eric W.
Format: Book
Language:English
Published: Minneapolis : Fortress Press, [2006]
Series:Facets (Fortress Press)
Subjects:
Online Access:Table of contents

MARC

Tag First Indicator Second Indicator Subfields
LEADER 00000cam a22000004a 4500
001 in00002199621
005 20151104101245.0
008 060316s2006 mnu b 001 0deng
010 |a  2006009203 
020 |a 0800638034 
024 3 |a 9780800638030 
029 1 |a YDXCP  |b 2442866 
029 1 |a IG#  |b 0800638034 
035 |a (OCoLC)ocm65165448 
035 |a (OCoLC)65165448 
040 |a DLC  |c DLC  |d BAKER  |d PLT  |d C#P  |d YDXCP  |d OCLCQ  |d IG#  |d UtOrBLW 
042 |a pcc 
049 |a TXAM 
050 0 0 |a BR325  |b .G76 2006 
082 0 0 |a 284.1092  |2 22 
100 1 |a Gritsch, Eric W. 
245 1 4 |a The wit of Martin Luther /  |c Eric W. Gritsch. 
264 1 |a Minneapolis :  |b Fortress Press,  |c [2006] 
264 4 |c ©2006 
300 |a x, 133 pages, 1 unnumbered page ;  |c 18 cm. 
336 |a text  |b txt  |2 rdacontent 
337 |a unmediated  |b n  |2 rdamedia 
338 |a volume  |b nc  |2 rdacarrier 
490 1 |a Facets 
504 |a Includes bibliographical references (page [134]) and index. 
600 1 0 |a Luther, Martin,  |d 1483-1546  |v Humor. 
830 0 |a Facets (Fortress Press) 
856 4 1 |3 Table of contents  |u http://www.loc.gov/catdir/toc/ecip0610/2006009203.html  |t 0 
938 |a Baker & Taylor  |b BKTY  |c 7.00  |d 5.25  |i 0800638034  |n 0006713520  |s active 
938 |a YBP Library Services  |b YANK  |n 2442866 
938 |a Ingram  |b INGR  |n 0800638034 
945 |a PromptCat 
946 |a stk 
947 |a A14835032348 
948 |a cataloged  |b h  |c 2006/12/9  |d c  |e rbarron  |f 5:01:12 pm 
994 |a 92  |b TXA 
999 |a MARS 
999 f f |s c007aeba-df23-3e10-9118-57c872612554  |i c304c38f-69ab-3ed0-a335-7f3eebafb787  |t 0 
952 f f |p ric  |a Texas A&M University  |b Rellis Campus  |c Joint Library Facility  |d Remote Storage  |t 0  |e BR325 .G76 2006  |h Library of Congress classification  |i unmediated -- volume  |m A14835032348 
998 f f |a BR325 .G76 2006  |t 0  |l Remote Storage